| 000 | 00417nam a2200169Ia 4500 | ||
|---|---|---|---|
| 005 | 20140402154657.0 | ||
| 008 | 140130s9999 xx 000 0 und d | ||
| 050 |
_aPZ 7 _b.M478675Fo 1989 |
||
| 245 |
_cColleen O'Shaughnessy McKenna _aFourth Grade is a Jinx |
||
| 260 |
_bScholastic, _c1989 |
||
| 300 |
_a168 p. : _c22 cm. |
||
| 440 | _v1 | ||
| 521 | _aG5 | ||
| 526 | _c720 | ||
| 942 |
_cBK _2lcc |
||
| 999 |
_c41047 _d41047 |
||